<?xml version="1.0" encoding="UTF-8"?>
<record
    xmlns:xsi="http://www.w3.org/2001/XMLSchema-instance"
    xsi:schemaLocation="http://www.loc.gov/MARC21/slim http://www.loc.gov/standards/marcxml/schema/MARC21slim.xsd"
    xmlns="http://www.loc.gov/MARC21/slim">

  <leader>03899pam a2200385 i 4500</leader>
  <datafield tag="999" ind1=" " ind2=" ">
    <subfield code="c">29341</subfield>
    <subfield code="d">29312</subfield>
  </datafield>
  <controlfield tag="001">016732808</controlfield>
  <controlfield tag="003">EG-ScBUE</controlfield>
  <controlfield tag="005">20210809092153.0</controlfield>
  <controlfield tag="008">140117s2014    enkab  f b    001 0 eng d</controlfield>
  <datafield tag="020" ind1=" " ind2=" ">
    <subfield code="a">9789774166761</subfield>
  </datafield>
  <datafield tag="035" ind1=" " ind2=" ">
    <subfield code="a">(OCoLC)ocn882939053</subfield>
  </datafield>
  <datafield tag="040" ind1=" " ind2=" ">
    <subfield code="a">StDuBDS</subfield>
    <subfield code="b">eng</subfield>
    <subfield code="e">rda</subfield>
    <subfield code="c">StDuBDS</subfield>
    <subfield code="d">Uk</subfield>
  </datafield>
  <datafield tag="043" ind1=" " ind2=" ">
    <subfield code="a">f-ua---</subfield>
  </datafield>
  <datafield tag="082" ind1="0" ind2="4">
    <subfield code="a">307.760932</subfield>
    <subfield code="b">SNA</subfield>
    <subfield code="2">22</subfield>
  </datafield>
  <datafield tag="100" ind1="1" ind2="0">
    <subfield code="a">Snape, S. R.</subfield>
    <subfield code="q">(Steven R.),</subfield>
    <subfield code="e">author.</subfield>
  </datafield>
  <datafield tag="245" ind1="1" ind2="4">
    <subfield code="a">The complete cities of ancient Egypt :</subfield>
    <subfield code="b">with 242 illustrations, 193 in color /</subfield>
    <subfield code="c">Steven Snape.</subfield>
  </datafield>
  <datafield tag="264" ind1=" " ind2="1">
    <subfield code="a">London :</subfield>
    <subfield code="b">Thames &amp; Hudson,</subfield>
    <subfield code="c">2014.</subfield>
  </datafield>
  <datafield tag="300" ind1=" " ind2=" ">
    <subfield code="a">240 pages :</subfield>
    <subfield code="b">illustrations (black and white, and colour), maps (black and white, and colour) ;</subfield>
    <subfield code="c">26 cm</subfield>
  </datafield>
  <datafield tag="336" ind1=" " ind2=" ">
    <subfield code="a">text</subfield>
    <subfield code="2">rdacontent</subfield>
    <subfield code="b">txt</subfield>
  </datafield>
  <datafield tag="336" ind1=" " ind2=" ">
    <subfield code="a">still image</subfield>
    <subfield code="2">rdacontent</subfield>
    <subfield code="b">txt</subfield>
  </datafield>
  <datafield tag="336" ind1=" " ind2=" ">
    <subfield code="a">cartographic image</subfield>
    <subfield code="2">rdacontent</subfield>
    <subfield code="b">txt</subfield>
  </datafield>
  <datafield tag="337" ind1=" " ind2=" ">
    <subfield code="a">unmediated</subfield>
    <subfield code="2">rdamedia</subfield>
    <subfield code="b">n</subfield>
  </datafield>
  <datafield tag="338" ind1=" " ind2=" ">
    <subfield code="a">volume</subfield>
    <subfield code="2">rdacarrier</subfield>
    <subfield code="b">nc</subfield>
  </datafield>
  <datafield tag="504" ind1=" " ind2=" ">
    <subfield code="a">Includes bibliographical references and index.</subfield>
  </datafield>
  <datafield tag="505" ind1="0" ind2=" ">
    <subfield code="a">Urban life in ancient Egypt -- pt. I. The rise of the city. What is a city? -- The origins of urbanism in Egypt -- The location of cities -- Building the city -- Egyptian words for towns and cities -- Estimating population -- pt. II. Cities for kings and gods. Palaces -- Fortified cities -- Temple and city -- pt. III. Cities for people. City government -- Towns and houses of the Middle Kingdom -- Towns and houses of the New Kingdom -- Country houses -- Community centres -- Feeding and supplying the city -- Working life -- Water and sanitation -- Schools -- Crime in the city -- Leisure -- Tourism -- Death in the city -- pt. IV. Graeco-Roman Egypt. The classical city in Egypt -- Alexandria ad Aegyptum -- The Faiyum in the Graeco-Roman period -- Middle Egypt in the Graeco-Roman period -- pt. V. Gazetteer of cities and towns of ancient Egypt. Elephantine and Aswan -- Southern Egypt -- Thebes -- The Theban/Coptite region -- Middle Egypt -- Amarna: the complete city? -- Other Middle Egyptian cities -- The Faiyum -- Memphis: the shifting city -- Heliopolis: city of the sun -- The Memphite region -- The Delta: Cities of the Canopic Branch ; Cities of the Rosetta Branch ; Cities of the Damietta Branch ; Cities of the Pelusiac Branch ; Fortress-towns of the Eastern Delta and Wadi Tumilat -- Northern Sinai -- The oases -- The Mediterranean coast -- Nubia -- Epilogue: Lost cities.</subfield>
  </datafield>
  <datafield tag="520" ind1=" " ind2=" ">
    <subfield code="a">Ancient Egyptian cities and towns have until recently been one of the least-studied and least-published aspects of this great ancient civilization. Now new research and excavation are transforming our knowledge. The Complete Cities of Ancient Egypt is the first book to bring these latest discoveries to a wide general and scholarly audience, and to provide a comprehensive overview of what we know about ancient settlement during the dynastic period. Divided in two halves, the book opens with an account of the development of urban settlement in Egypt, describing the pattern of urban life, from food production, government, crime and health to schooling, leisure, ancient tourism, and the interaction of the living community with the dead. The second half of the book takes the reader on a trip down the Nile from Aswan to the Delta, giving a comprehensive account of all cities and towns with details for each of their discovery, excavation and important finds, supported by maps and plans as well as recent photographs. This book is sure to appeal to all those concerned with urban design and history, as well as tourists, students and Egyptophiles.</subfield>
  </datafield>
  <datafield tag="650" ind1=" " ind2="7">
    <subfield code="a">Cities and towns, Ancient</subfield>
    <subfield code="z">Egypt.</subfield>
    <subfield code="2">BUEsh</subfield>
  </datafield>
  <datafield tag="651" ind1=" " ind2="7">
    <subfield code="a">Egypt</subfield>
    <subfield code="x">Civilization</subfield>
    <subfield code="y">To 332 B.C.</subfield>
    <subfield code="2">BUEsh</subfield>
  </datafield>
  <datafield tag="651" ind1=" " ind2="7">
    <subfield code="a">Egypt</subfield>
    <subfield code="x">Social life and customs</subfield>
    <subfield code="y">To 332 B.C.</subfield>
    <subfield code="2">BUEsh</subfield>
  </datafield>
  <datafield tag="653" ind1=" " ind2=" ">
    <subfield code="b">GGEN</subfield>
    <subfield code="c">August2021</subfield>
  </datafield>
  <datafield tag="655" ind1=" " ind2=" ">
    <subfield code="v">Reading book</subfield>
    <subfield code="9">34232</subfield>
  </datafield>
  <datafield tag="942" ind1=" " ind2=" ">
    <subfield code="2">ddc</subfield>
    <subfield code="c">BB</subfield>
  </datafield>
  <datafield tag="952" ind1=" " ind2=" ">
    <subfield code="0">0</subfield>
    <subfield code="1">0</subfield>
    <subfield code="2">ddc</subfield>
    <subfield code="4">0</subfield>
    <subfield code="7">0</subfield>
    <subfield code="8">Baccah</subfield>
    <subfield code="a">MAIN</subfield>
    <subfield code="b">MAIN</subfield>
    <subfield code="c">1ST</subfield>
    <subfield code="d">2021-08-09</subfield>
    <subfield code="e">Purchase</subfield>
    <subfield code="g">368.00</subfield>
    <subfield code="h">35754</subfield>
    <subfield code="l">1</subfield>
    <subfield code="m">17</subfield>
    <subfield code="o">307.760932 SNA</subfield>
    <subfield code="p">000050502</subfield>
    <subfield code="r">2022-02-24 00:00:00</subfield>
    <subfield code="s">2021-10-31</subfield>
    <subfield code="v">460.00</subfield>
    <subfield code="w">2021-08-09</subfield>
    <subfield code="y">BB</subfield>
  </datafield>
</record>
